| 000 | 00448cam a22001331 4500 | ||
|---|---|---|---|
| 082 |
_a941.08 _bTRE |
||
| 100 | 1 |
_aTrevelyan, George Macaulay, _946482 |
|
| 245 | 1 | 0 |
_aBritish history in the nineteenth century (1782-1901) _cby George Macaulay Trevelyan. |
| 260 |
_aLondon, _aNew York, _bLongmans, Green, and Co., _c1922. |
||
| 300 |
_axvi, 445 p. _billus. _c23 cm. |
||
| 526 |
_a0 _b0 _c0 _d941_080000000000000_TRE |
||
| 650 |
_aMCE _9379 |
||
| 942 |
_2ddc _cBK |
||
| 999 |
_c552406 _d552406 |
||